| 000 | 00000nam##2200000za#4500 |
| 001 | 9.681565 |
| 003 | CaOODSP |
| 005 | 20200330071302 |
| 007 | ta |
| 008 | 150407|2001||||xxc||||| f|0| 0 fre|d |
| 020 | |a0-662-86060-8 |
| 040 | |aCaOODSP|bfre |
| 043 | |an-cn--- |
| 086 | 1 |aH68-52/1998F |
| 110 | 1 |aCanada.|bSanté Canada. |bConsei national du bien-être social. |
| 245 | 10|aProfil de la pauvreté infantile, 1998 |
| 260 | |aOttawa - Ontario : |bSanté Canada. |c2001. |
| 300 | |aiv, 71p. : |bgraphiques, tableaux ; |c28 cm. |
| 563 | |aCouverture souple |
| 590 | |a01-37|b2001-09-14 |
| 691 | 07|aPauvreté dans l'enfance|2gcpds |
| 775 | 08|tChild poverty profile, 1998 |w(CaOODSP)9.648284 |
| 776 | 0#|tProfil de la pauvreté infantile, 1998 |w(CaOODSP)9.640788 |
| 986 | |aVolume n° 114, Rapport du Conseil national du bien-être social |